<?xml version="1.0" encoding="UTF-8"?><marc:collection xmlns:marc="http://www.loc.gov/MARC21/slim">
  <marc:record>
    <marc:leader>00000nam##2200000za#4500</marc:leader>
    <marc:controlfield tag="001">9.681533</marc:controlfield>
    <marc:controlfield tag="003">CaOODSP</marc:controlfield>
    <marc:controlfield tag="005">20210615132436</marc:controlfield>
    <marc:controlfield tag="007">tb</marc:controlfield>
    <marc:controlfield tag="008">150407|2001||||xxc|||||d    f|0| 0 fre|d</marc:controlfield>
    <marc:datafield tag="020" ind1=" " ind2=" ">
      <marc:subfield code="a">0-662-85945-6</marc:subfield>
    </marc:datafield>
    <marc:datafield tag="040" ind1=" " ind2=" ">
      <marc:subfield code="a">CaOODSP</marc:subfield>
      <marc:subfield code="b">fre</marc:subfield>
    </marc:datafield>
    <marc:datafield tag="043" ind1=" " ind2=" ">
      <marc:subfield code="a">n-cn---</marc:subfield>
    </marc:datafield>
    <marc:datafield tag="086" ind1="1" ind2=" ">
      <marc:subfield code="a">PF4-9/2001F-LP</marc:subfield>
    </marc:datafield>
    <marc:datafield tag="110" ind1="1" ind2=" ">
      <marc:subfield code="a">Canada.</marc:subfield>
      <marc:subfield code="b">Bureau d'information du Canada.</marc:subfield>
    </marc:datafield>
    <marc:datafield tag="245" ind1="1" ind2="0">
      <marc:subfield code="a">Services pour enfants: guide des services du gouvernement du Canada pour les enfants et leurs familles </marc:subfield>
    </marc:datafield>
    <marc:datafield tag="260" ind1=" " ind2=" ">
      <marc:subfield code="a">Ottawa - Ontario : </marc:subfield>
      <marc:subfield code="b">Bureau d'information du Canada </marc:subfield>
      <marc:subfield code="c">2001.</marc:subfield>
    </marc:datafield>
    <marc:datafield tag="300" ind1=" " ind2=" ">
      <marc:subfield code="a">45p. ; </marc:subfield>
      <marc:subfield code="c">28 cm.</marc:subfield>
    </marc:datafield>
    <marc:datafield tag="500" ind1=" " ind2=" ">
      <marc:subfield code="a">«La matière du présent guide vise à couvrir les principaux intérêts des parents et autres fournisseurs de soins, ainsi que les besoins de base des enfants. Chaque inscription présente un site Web qui permet d'avoir accès aux services offerts et d'obtenir des exemplaires des publications mentionnées.»--Comment se servir de ce guide.</marc:subfield>
    </marc:datafield>
    <marc:datafield tag="520" ind1="3" ind2=" ">
      <marc:subfield code="a">La matière du présent guide vise à couvrir les principaux intérêts des parents et autres fournisseurs de soins, ainsi que les besoins de base des enfants. Chaque inscription présente un site Web qui permet d'avoir accès aux services offerts et d'obtenir des exemplaires des publications mentionnées.--Comment se servir de ce guide</marc:subfield>
    </marc:datafield>
    <marc:datafield tag="563" ind1=" " ind2=" ">
      <marc:subfield code="a">Reliure à spirale</marc:subfield>
    </marc:datafield>
    <marc:datafield tag="590" ind1=" " ind2=" ">
      <marc:subfield code="a">01-26</marc:subfield>
      <marc:subfield code="b">2001-06-29</marc:subfield>
    </marc:datafield>
    <marc:datafield tag="691" ind1="0" ind2="7">
      <marc:subfield code="a">Enfant</marc:subfield>
      <marc:subfield code="2">gcpds</marc:subfield>
    </marc:datafield>
    <marc:datafield tag="691" ind1="0" ind2="7">
      <marc:subfield code="a">Sécurité de l'enfant</marc:subfield>
      <marc:subfield code="2">gcpds</marc:subfield>
    </marc:datafield>
    <marc:datafield tag="691" ind1="0" ind2="7">
      <marc:subfield code="a">Ressources pédagogiques</marc:subfield>
      <marc:subfield code="2">gcpds</marc:subfield>
    </marc:datafield>
    <marc:datafield tag="691" ind1="0" ind2="7">
      <marc:subfield code="a">Alimentation</marc:subfield>
      <marc:subfield code="2">gcpds</marc:subfield>
    </marc:datafield>
    <marc:datafield tag="775" ind1="0" ind2="8">
      <marc:subfield code="t">Services for children: guide to government of Canada services for children and their families </marc:subfield>
      <marc:subfield code="w">(CaOODSP)9.648217</marc:subfield>
    </marc:datafield>
    <marc:datafield tag="776" ind1="0" ind2="#">
      <marc:subfield code="t">Services for children : </marc:subfield>
      <marc:subfield code="w">(CaOODSP)9.662649</marc:subfield>
    </marc:datafield>
    <marc:datafield tag="776" ind1="0" ind2="#">
      <marc:subfield code="t">Services pour enfants: guide des services du gouvernement du Canada pour les enfants et leurs familles </marc:subfield>
      <marc:subfield code="w">(CaOODSP)9.681531</marc:subfield>
    </marc:datafield>
    <marc:datafield tag="776" ind1="0" ind2="#">
      <marc:subfield code="t">Services pour enfants: guide des services du gouvernement du Canada pour les enfants et leurs familles </marc:subfield>
      <marc:subfield code="w">(CaOODSP)9.681532</marc:subfield>
    </marc:datafield>
    <marc:datafield tag="776" ind1="0" ind2="#">
      <marc:subfield code="t">Services pour enfants: guide des services du gouvernement du Canada pour les enfants et leurs familles </marc:subfield>
      <marc:subfield code="w">(CaOODSP)9.681534</marc:subfield>
    </marc:datafield>
    <marc:datafield tag="776" ind1="0" ind2="#">
      <marc:subfield code="t">Services pour enfants : </marc:subfield>
      <marc:subfield code="w">(CaOODSP)9.662650</marc:subfield>
    </marc:datafield>
  </marc:record>
</marc:collection>
